书目信息 |
| 题名: |
保险财务会计
|
|
| 作者: | 张洪涛 主编 | |
| 分册: | ||
| 出版信息: | 北京 中国人民大学出版社 2004 |
|
| 页数: | 599页 | |
| 开本: | 23cm | |
| 丛书名: | ||
| 单 册: | ||
| 中图分类: | F840.32 | |
| 科图分类: | ||
| 主题词: | 保险公司--财务会计--高等学校--教材 , 保险公司 | |
| 电子资源: | ||
| ISBN: | 7-300-05453-6 | |
| 000 | 00970nam0 2200277 450 | |
| 000 | 00999nam0 2200277 450 | |
| 000 | 00929nam0 2200253 450 | |
| 000 | 00893oam2 2200241 45 | |
| 005 | 20070725162211.56 | |
| 010 | @a7-300-05453-6@dCNY46.00 | |
| 100 | @a20070719d2004 em y0chiy0120 ea | |
| 101 | 0 | @achi |
| 102 | @aCN@b110000 | |
| 105 | @ay z 000yy | |
| 200 | 1 | @a保险财务会计@ABao Xian Cai Wu Hui Ji@f张洪涛等主编@FZhang Hong Tao Deng Zhu Bian |
| 210 | @a北京@c中国人民大学出版社@d2004 | |
| 215 | @a599页@d23cm | |
| 300 | @a21世纪保险系列教材/张洪涛总主编 | |
| 330 | @a本书对保险会计概论、保险资产与保险投资、经营性资产、投资性资产、流动负债的确认与核算、外币业务等内容进行了介绍。 | |
| 510 | 1 | @aAccounting and Finance for Insurance@zeng |
| 606 | 0 | @a保险公司@x财务会计@x高等学校@j教材 |
| 606 | 0 | @a保险公司 |
| 690 | @aF840.32@v4 | |
| 701 | 0 | @a张洪涛@AZhang Hong Tao@c(保险)@4主编 |
| 801 | 0 | @aCN@bTAOJIN@c20070725 |
| 905 | @a10447@dF840.32@e35 | |
| 保险财务会计/张洪涛等主编.-北京:中国人民大学出版社,2004 |
| 599页;23cm |
| 21世纪保险系列教材/张洪涛总主编 |
| ISBN 7-300-05453-6:CNY46.00 |
| 本书对保险会计概论、保险资产与保险投资、经营性资产、投资性资产、流动负债的确认与核算、外币业务等内容进行了介绍。 |
| ● |
| 相关链接 |
|
|
|
|
正题名:保险财务会计
索取号:F840.32/35
 
预约/预借
| 序号 | 登录号 | 条形码 | 馆藏地/架位号 | 状态 | 备注 |
| 1 | 0826083 | 208260834 | 第一样本阅览室/ [索取号:F840.32/35] | 在馆 | |
| 2 | 0826084 | 208260843 | 第一借阅区/ [索取号:F840.32/35] | 在馆 | |
| 3 | 0826085 | 208260852 | 密集书库/ [索取号:F840.32/35] | 在馆 | |
| 4 | 0826086 | 208260861 | 第一借阅区/ [索取号:F840.32/35] | 在馆 | |
| 5 | 0826087 | 208260870 | 第一借阅区/ [索取号:F840.32/35] | 在馆 | |
| 6 | 0826088 | 208260889 | 密集书库/ [索取号:F840.32/35] | 在馆 | |
| 7 | 0826089 | 208260898 | 密集书库/ [索取号:F840.32/35] | 在馆 | |
| 8 | 0826090 | 208260905 | 第一借阅区/ [索取号:F840.32/35] | 在馆 |